000 01340pam a22002894a 4500
999 _c23659
_d23659
001 16005272
003 NUST
005 20170531110428.0
008 091202r20092007enka b 001 0 eng
010 _a 2009497314
020 _a9780521138611
040 _aDLC
_cRCMS
_dDLC
050 0 0 _aTA357.5.M84
_bC65 2009
082 _a620.10 PRO
100 _aedited by Andrea Prosperetti and Grétar Tryggvason.
_91679
245 0 0 _aComputational methods for multiphase flow /
_cedited by Andrea Prosperetti and Grétar Tryggvason.
260 _aCambridge ;
_aNew York :
_bCambridge University Press,
_cc2009.
300 _axviii, 469 p. :
_bill. (some col.) ;
_c25 cm.
500 _a"Reprinted in paperback with corrections 2009"--T.p. verso.
504 _aIncludes bibliographical references (p. 436-465) and index.
538 _iShelf No 1 Row No 2
650 0 _aMultiphase flow
_xData processing.
_91680
650 0 _aMultiphase flow
_xMathematical models.
_91681
700 1 _aProsperetti, Andrea.
_91682
700 1 _aTryggvason, Gretar.
_91683
856 4 2 _3Contributor biographical information
_uhttp://www.loc.gov/catdir/enhancements/fy1004/2009497314-b.html
856 4 2 _3Publisher description
_uhttp://www.loc.gov/catdir/enhancements/fy1004/2009497314-d.html
856 4 1 _3Table of contents only
_uhttp://www.loc.gov/catdir/enhancements/fy1004/2009497314-t.html
906 _a7
_bcbc
_corigcop
_d2
_encip
_f20
_gy-gencatlg
942 _2ddc
_cBK